| 000 | 00531nam a2200193Ia 4500 | ||
|---|---|---|---|
| 005 | 20260429112250.0 | ||
| 008 | 260429s9999||||xx |||||||||||||| ||und|| | ||
| 020 | _a9781032129501 | ||
| 041 | _aEnglish | ||
| 082 |
_a338.5 _bSAH |
||
| 100 | _aSaha, Bibhas | ||
| 245 | 0 |
_aAdvanced microeconomics : _btheory, applications and new development / _cBibhas Saha |
|
| 250 | _a1st ed. | ||
| 260 |
_aLondon : _bRoutledge, _c2025. |
||
| 300 | _axxiv, 541 p.; pbk | ||
| 650 | _a Development | ||
| 650 | _aMicroeconomics | ||
| 942 | _cTB | ||
| 999 |
_c53206 _d53206 |
||